000 01034nas a2200337 4500
001 BR2010001360
003 BR-BrBNA
005 20231205114123.0
007 ta
008 230509b bl.|||p| |||| 00| 00por d
040 _aBR-BrBNA
_bpor
_cBiblioteca Nacional de Agricultura
041 _a(Pt)
072 _aF01; A50
100 1 _aOliveira, A.F. de
100 1 _aVieira Neto, J.
100 1 _aGonçalves, E.D.
100 1 _aMesquita, H.A. de
245 1 _aPioneirismo marca pesquisa sobre oliveira em Minas Gerais
650 _aPRODUÇÃO AGRÍCOLA
650 _aAZEITONA
650 _aPLANTIO
650 _aCOMERCIALIZAÇÃO
650 _aPESQUISA
650 _aMUDA
650 _aPROPAGAÇÃO VEGETATIVA
650 _aIMPACTO ECONOMICO
650 _aIMPACTO SOCIAL
773 0 _tInforme Agropecuário - Empresa de Pesquisa Agropecuária de Minas Gerais (Brazil)
_xISSN 0100-3364
_g(2009), v. 30(special number) p. 108-117
_wBR2010001360
909 _a202311
_bLúcia
_c55
_dLúcia Elande
942 _2AGRIS
_n0
_cANA
999 _c207160
_d207160